Abc's of relationship selling / (Record no. 343504)
[ view plain ]
| 000 -LEADER | |
|---|---|
| fixed length control field | 01396 a2200205 4500 |
| 020 ## - INTERNATIONAL STANDARD BOOK NUMBER | |
| International Standard Book Number | 0072352825 |
| 020 ## - INTERNATIONAL STANDARD BOOK NUMBER | |
| International Standard Book Number | 9780072352825 |
| 082 04 - DEWEY DECIMAL CLASSIFICATION NUMBER | |
| Classification number | 658.85 |
| 090 ## - LOCALLY ASSIGNED LC-TYPE CALL NUMBER (OCLC); LOCAL CALL NUMBER (RLIN) | |
| -- | 966 |
| -- | 966 |
| 100 1# - MAIN ENTRY--PERSONAL NAME | |
| Personal name | Futrell, Charles. |
| 245 10 - TITLE STATEMENT | |
| Title | Abc's of relationship selling / |
| Statement of responsibility, etc. | Charles Futrell. |
| 250 ## - EDITION STATEMENT | |
| Edition statement | 6th ed. |
| 260 ## - PUBLICATION, DISTRIBUTION, ETC. | |
| Place of publication, distribution, etc. | [S.l.] : |
| Name of publisher, distributor, etc. | Irwin Professional Pub, |
| Date of publication, distribution, etc. | 1999. |
| 300 ## - PHYSICAL DESCRIPTION | |
| Extent | 368 p. ; |
| Dimensions | 26 cm. |
| 500 ## - GENERAL NOTE | |
| General note | Paperback. |
| 520 ## - SUMMARY, ETC. | |
| Summary, etc. | No matter what career the student pursues, selling skills will always be an asset and will enhance communications skills. This inexpensive text is one the students keep after the class is over and they use it as a resource in the business world. ABCs of Relationship Selling is written by a sales person turned teacher and so it is filled with practical tips and business-examples. ABCs of Relationship Selling is an affordable, brief, paperback. It is perfect for a selling course where a brief book is preferred. Professors who spend considerable time on other resources and projects will appreciate the brief format. Schools that do not offer a separate selling course may find this short paperback a nice addition in a sales management course. |
| 856 40 - ELECTRONIC LOCATION AND ACCESS | |
| Materials specified | Amazon.com |
| Uniform Resource Identifier | <a href="http://www.amazon.com/exec/obidos/ASIN/0072352825/chopaconline-20">http://www.amazon.com/exec/obidos/ASIN/0072352825/chopaconline-20</a> |
| 856 40 - ELECTRONIC LOCATION AND ACCESS | |
| Materials specified | Amazon customer reviews |
| Uniform Resource Identifier | <a href="http://www.chopac.org/cgi-bin/tools/azrev.pl?q=0072352825">http://www.chopac.org/cgi-bin/tools/azrev.pl?q=0072352825</a> |
| 942 ## - ADDED ENTRY ELEMENTS (KOHA) | |
| Institution code [OBSOLETE] | NBS |
| Koha item type | Book |
| Call number prefix | 658.85 FUT |
| Withdrawn status | Lost status | Damaged status | Not for loan | Permanent Location | Current Location | Date acquired | Total Checkouts | Full call number | Barcode | Date last seen | Price effective from | Koha item type |
|---|---|---|---|---|---|---|---|---|---|---|---|---|
| Central Library (CL) | Central Library (CL) | 08/28/2013 | 658.85 FUT | NBS6608 | 08/28/2013 | 08/28/2013 | Book |
